000 00506nam a22001817a 4500
003 NUST - PNEC
005 20170116180801.0
008 150414b xxu||||| |||| 00| 0 eng d
020 _a9694020611
040 _cLIBRARY
082 _a320.9 ZAI
100 _92560
_a Zaidi, S. Akbar
245 _aRegional imbalances and the national question in Pakistan
_cS.Akbar ZaidiP
260 _aPakistan
_bVanguard
_cc1992.
300 _a361p. :
650 _92561
_aPolitical science
_xGeneral
942 _2ddc
_cBK
999 _c62980
_d62980